000
00290nam a22001097a 4500
082
_a
669 BAN'U
100
_a
BANKS, B,OLDFEILD, G. E,RAWDING, H
_9
80051
245
_a
ULTRASONIC FLOW DETECTION IN METALS THEORY AND PRACTICE
260
_a
LONDON
_b
ILIFFE
_c
1962
300
_a
256P
942
_c
BK
999
_c
585027
_d
585027